000 00775nam a2200277Ia 4500
001 Para_2565
003 CHAP
008 220125s1914 xx 000 0 und d
010 _a204590
020 _a(M/BAJA)
040 _cCHAP
082 _aPA-C 595.79 V54
100 _aViereck, Henry L.
_9119297
245 _aType species of the genera of ichneumon flies /
_c Henry L. Viereck
260 _aWashington :
_b Smith-sonian Institution
300 _a186 p.
440 _aU.S. National museum: bulletin; 83
_9170524
650 _aIchneumonidae Himenopteros
_9170525
901 _aPA-C 595.79 V54
902 _aM
905 _a0000001914 WAS 0000000000 00
910 _a1914
942 _cPARA
942 _cPARA
_d1
999 _c204590
_d204590